000 00343nam a2200133Ia 4500
005 20260328101530.0
008 260328s9999||||xx |||||||||||||| ||und||
100 _aPeters, Paulhans
245 0 _aCasas Unifamiliares con patio /
_cPaulhans Peters
260 _bGustavo Gili
300 _a103 p.
650 _aVIVIENDA MULTIFAMILIAR
942 _cBK
999 _c9964
_d9964